| 000 | 00791nam a22001937a 4500 | ||
|---|---|---|---|
| 005 | 2008102603223.0 | ||
| 008 | 081026t xxu||||| |||| 00| 0 eng d | ||
| 010 | _aENG-84712 | ||
| 020 |
_a8183900038 _c700.00 (hb) |
||
| 035 | _aEN-68245 | ||
| 082 | _a230.1 | ||
| 100 | _aChhawchharia, A K | ||
| 245 |
_aBiography of Lord Shri Rama: _bwith complete vairagya sandipani & glory of his holy name / _cby A K Chhawchharia |
||
| 260 |
_aDelhi _bAbhishek Prakashan _c2006 |
||
| 300 |
_axii,431p _c22cm |
||
| 270 | _a5824, New Chandrawal, Near Shiva Mandir, Jawahar Nagar, Delhi-110007 | ||
| 942 |
_2ddc _cEN _h230.1 _mCHH |
||
| 999 |
_c18015 _d18015 |
||